000 00694nam a2200265Ia 4500
003 OSt
005 20220912150729.0
006 a|||||r|||| 00| 0
007 ta
008 220909b |||||||| |||| 00| 0 eng d
024 _a47071
037 _cTextual
040 _aCSL
_beng
_cCSL
041 _aeng
082 _aE:98, L8
100 _aMeier Dale J Ed.
245 0 _aMolecular basis of transitions and relaxations
260 _aLondon
_bGordon
_c1978
300 _axii,429p.
_ccm.
490 _aMidland Macromolecular Monographs; 4
650 _a Polymers
650 _aChemistry
942 _hE:98, L8
_cTEXL
_2CC
999 _c53499
_d53499